Statistics for Biggest US Cities without a Big 4 Sports Team

Click here to take the quiz!

General Stats

  • This quiz has been taken 105 times
  • The average score is 8 of 10

Answer Stats

HintAnswerState% Correct
5AlbuquerqueNM
92%
1AustinTX
92%
4LouisvilleKY
90%
10OmahaNE
83%
6TucsonAZ
83%
8TulsaOK
83%
3El PasoTX
82%
9Colorado SpringsCO
78%
2Fort WorthTX
78%
7FresnoCA
64%

Score Distribution

Percentile by Number Answered

Percent of People with Each Score

Your Score History

You have not taken this quiz